Kabale University Library Catalogue

Political parties and democracy / (Record no. 6048)

MARC details
000 -LEADER
fixed length control field 01483cam a22003494a 4500
005 - DATE AND TIME OF LATEST TRANSACTION
control field 20260205131206.0
008 - FIXED-LENGTH DATA ELEMENTS--GENERAL INFORMATION
fixed length control field 010717s2001 mdu b 001 0 eng
020 ## - INTERNATIONAL STANDARD BOOK NUMBER
International Standard Book Number 0801868637
020 ## - INTERNATIONAL STANDARD BOOK NUMBER
International Standard Book Number 9780801868634
040 ## - CATALOGING SOURCE
Original cataloging agency KABLIB
Transcribing agency KABLIB
Description conventions rda
082 00 - DEWEY DECIMAL CLASSIFICATION NUMBER
Classification number 324.2
Edition number 23
Item number POL
245 00 - TITLE STATEMENT
Title Political parties and democracy /
Statement of responsibility, etc. edited by Larry Diamond and Richard Gunther.
260 ## - PUBLICATION, DISTRIBUTION, ETC.
Place of publication, distribution, etc. Baltimore, MD :
Name of publisher, distributor, etc. Johns Hopkins University Press,
Date of publication, distribution, etc. c2001.
300 ## - PHYSICAL DESCRIPTION
Extent xxxiv, 356 p. ;
Dimensions 23 cm.
336 ## - CONTENT TYPE
Content type term text
Content type code txt
Source rdacontent
337 ## - MEDIA TYPE
Media type term unmediated
Media type code n
Source rdamedia
338 ## - CARRIER TYPE
Carrier type term volume
Carrier type code nc
Source rdacarrier
440 #0 - SERIES STATEMENT/ADDED ENTRY--TITLE
Title Journal of democracy book
9 (RLIN) 15315
504 ## - BIBLIOGRAPHY, ETC. NOTE
Bibliography, etc. note Includes bibliographical references and index.
650 #0 - SUBJECT ADDED ENTRY--TOPICAL TERM
Topical term or geographic name entry element Political parties.
9 (RLIN) 10230
650 #0 - SUBJECT ADDED ENTRY--TOPICAL TERM
Topical term or geographic name entry element Democracy.
650 #0 - SUBJECT ADDED ENTRY--TOPICAL TERM
Topical term or geographic name entry element Political science.
700 1# - ADDED ENTRY--PERSONAL NAME
Personal name Diamond, Larry Jay.
9 (RLIN) 15184
700 1# - ADDED ENTRY--PERSONAL NAME
Personal name Gunther, Richard.
9 (RLIN) 15316
856 42 - ELECTRONIC LOCATION AND ACCESS
Materials specified Contributor biographical information
Uniform Resource Identifier <a href="http://www.loc.gov/catdir/bios/jhu052/2001038464.html">http://www.loc.gov/catdir/bios/jhu052/2001038464.html</a>
856 41 - ELECTRONIC LOCATION AND ACCESS
Materials specified Table of contents
Uniform Resource Identifier <a href="http://www.loc.gov/catdir/toc/jhu051/2001038464.html">http://www.loc.gov/catdir/toc/jhu051/2001038464.html</a>
856 42 - ELECTRONIC LOCATION AND ACCESS
Materials specified Publisher description
Uniform Resource Identifier <a href="http://www.loc.gov/catdir/description/jhu051/2001038464.html">http://www.loc.gov/catdir/description/jhu051/2001038464.html</a>
906 ## - LOCAL DATA ELEMENT F, LDF (RLIN)
a 7
b cbc
c orignew
d 1
e ocip
f 20
g y-gencatlg
942 ## - ADDED ENTRY ELEMENTS (KOHA)
Source of classification or shelving scheme Dewey Decimal Classification
Koha item type Book
Holdings
Withdrawn status Lost status Source of classification or shelving scheme Damaged status Not for loan Home library Current library Shelving location Date acquired Source of acquisition Total Checkouts Full call number Barcode Date last seen Price effective from Koha item type
    Dewey Decimal Classification     Mukombe Library Mukombe Library Open Access Section 05.02.2026 Donation   324.2 POL 14526 05.02.2026 05.02.2026 Book

Kabale University Library | Kabale University P.O Box 317, Kabale, Uganda
Tel : +256754017033, +256774661503 E-mail : library@kab.ac.ug